Top 15 Longest Lizards - Statistics

General Stats
  • This quiz has been taken 29 times
  • The average score is 4 of 15
Answer Stats
Hint Answer % Correct
1 Komodo Dragon
100%
12 Green Iguana
44%
4 Nile Monitor
44%
3 Crocodile Monitor
40%
2 Asian Water Monitor
36%
10 Marine Iguana
36%
7 Lace Monitor
28%
5 Perentie
28%
6 Black-Throated Monitor
20%
11 Rhinoceros Iguana
20%
8 Blue Iguana
12%
9 Galapagos Land Iguana
8%
15 Gray's Monitor
8%
13 Northern Sierra Madre Forest Monitor
8%
14 Red Tegu
8%
No matching quizzes found
Score Distribution
Percent of People with Each Score
Percentile by Number Answered
Your Score History
You have not taken this quiz